Food storage manual / (Record no. 180929)
[ view plain ]
| 000 -CABECERA | |
|---|---|
| campo de control de longitud fija | 00540nam a2200145Ia 4500 |
| 001 - NÚMERO DE CONTROL | |
| campo de control | IA_1541,21/10/2002,28/04/2011,5222271970 it admn8225223322eng16," |
| 008 - DATOS DE LONGITUD FIJA--INFORMACIÓN GENERAL | |
| campo de control de longitud fija | 220117s xx 000 0 und d |
| 010 ## - NÚMERO DE CONTROL DE LA BIBLIOTECA DEL CONGRESO | |
| Número de control de LC | 180929 |
| 082 ## - NÚMERO DE LA CLASIFICACIÓN DECIMAL DEWEY | |
| Número de clasificación | 641.4 F66 1970 |
| 110 ## - ENTRADA PRINCIPAL--NOMBRE DE ENTIDAD CORPORATIVA | |
| Nombre de entidad corporativa o nombre de jurisdicción como elemento de entrada | UK. Ministry of Overseas Developement. Tropical Stored Products Centre |
| 9 (RLIN) | 150965 |
| 245 ## - MENCIÓN DE TÍTULO | |
| Título | Food storage manual / |
| Mención de responsabilidad, etc. | Tropical Stored Products Centre |
| 260 ## - PUBLICACIÓN, DISTRIBUCIÓN, ETC. | |
| Lugar de publicación, distribución, etc. | Italia : |
| Nombre del editor, distribuidor, etc. | World Food Programme, |
| 300 ## - DESCRIPCIÓN FÍSICA | |
| Extensión | 3 v. |
| 504 ## - NOTA DE BIBLIOGRAFÍA, ETC. | |
| Nota de bibliografía, etc. | Incluye bibliografías |
No items available.
